| 000 | 00669nam a22001457a 4500 | ||
|---|---|---|---|
| 020 | _a978-1-4814-0012-1 | ||
| 082 |
_a823 _bKEE/N |
||
| 100 | _aKEENE, CAROLYN | ||
| 245 | _aNANCY DREW DIARIES - SECRET AT MYSTIC LAKE | ||
| 260 |
_aNEW YORK _bALADDIN PAPERBACKS _c2014 |
||
| 300 | _a151 | ||
| 520 | _aTo celebrate her birthday, George is taking Nancy and Bess on a three-day bike tour around the scenic Mystic Lake. They can't wait to spend time exploring the gorgeous landscape by day and camping under the stars at night. What they didn't count on was sabotage! First someone steals food and supplies from their packs. | ||
| 650 |
_aMYSTERY _zUNITED STATES |
||
| 942 | _cBK | ||
| 999 |
_c7878 _d7878 |
||